South Eastern Kenya University

Library Online Public Access Catalogue


Linking conservation and poverty reduction : (Record no. 18690)

MARC details
000 -LEADER
fixed length control field 01085cam a2200289 a 4500
001 - CONTROL NUMBER
control field 15357471
003 - CONTROL NUMBER IDENTIFIER
control field OSt
005 - DATE AND TIME OF LATEST TRANSACTION
control field 20251127124454.0
008 - FIXED-LENGTH DATA ELEMENTS--GENERAL INFORMATION
fixed length control field 080708s2008 enkab b 001 0 eng
010 ## - LIBRARY OF CONGRESS CONTROL NUMBER
LC control number 2008028394
020 ## - INTERNATIONAL STANDARD BOOK NUMBER
International Standard Book Number 9781844076352
Qualifying information hbk.
020 ## - INTERNATIONAL STANDARD BOOK NUMBER
International Standard Book Number 9781844076369
Qualifying information pbk.
040 ## - CATALOGING SOURCE
Original cataloging agency SEKU
050 00 - LIBRARY OF CONGRESS CALL NUMBER
Classification number HC79.P6
Item number P6 2008
245 00 - TITLE STATEMENT
Title Linking conservation and poverty reduction :
Remainder of title landscapes, people and power /
Statement of responsibility, etc. Robert Fisher ... [et al.].
260 ## - PUBLICATION, DISTRIBUTION, ETC. (IMPRINT)
Place of publication, distribution, etc. London ;
-- Sterling, VA :
Name of publisher, distributor, etc. Earthscan,
Date of publication, distribution, etc. 2008.
300 ## - PHYSICAL DESCRIPTION
Extent xiv, 146 p. :
Other physical details ill., map ;
500 ## - GENERAL NOTE
General note "The first edition of this book, Poverty and Conservation: Landscapes, People and Power, [was] published by IUCN in 2005"--Acknowledgements.
504 ## - BIBLIOGRAPHY, ETC. NOTE
Bibliography, etc Includes bibliographical references (p. [131]-140) and index.
650 #0 - SUBJECT ADDED ENTRY--TOPICAL TERM
Topical term or geographic name as entry element Rural poor.
650 #0 - SUBJECT ADDED ENTRY--TOPICAL TERM
Topical term or geographic name as entry element Rural development.
650 #0 - SUBJECT ADDED ENTRY--TOPICAL TERM
Topical term or geographic name as entry element Sustainable development.
700 1# - ADDED ENTRY--PERSONAL NAME
Personal name Fisher, R. J.
730 0# - ADDED ENTRY--UNIFORM TITLE
Uniform title Poverty and conservation.
856 41 - ELECTRONIC LOCATION AND ACCESS
Materials specified Table of contents only
Uniform Resource Identifier <a href="http://www.loc.gov/catdir/toc/ecip0823/2008028394.html">http://www.loc.gov/catdir/toc/ecip0823/2008028394.html</a>
942 ## - ADDED ENTRY ELEMENTS (KOHA)
Source of classification or shelving scheme Library of Congress Classification
Koha item type General circulation
Holdings
Withdrawn status Lost status Source of classification or shelving scheme Damaged status Not for loan Home library Current library Shelving location Date acquired Source of acquisition Total Checkouts Full call number Barcode Date last seen Price effective from Koha item type
    Library of Congress Classification     SEHSS - Library SEHSS - Library General Stacks 27/11/2025 Donation   HC79.P6 P6 2008 2023/026290 27/11/2025 27/11/2025 General circulation
Kitui, Kenya.
+254736116989
library@seku.ac.ke